000 00283nam a22001337a 4500
020 _a9788184654639
082 _a270.82 DIP
100 _aDip Kasta
245 _aUnwavering Ecumenist
260 _aNew Delhi
_bISPCK/IPC
_c2014
300 _a122
650 _aecuminism
942 _cBK
999 _c19942
_d19942